Sequential analysis /
Guardado en:
| Autor Principal: | |
|---|---|
| Formato: | Libro |
| Idioma: | English |
| Publicado: |
New York :
Wiley,
c1947.
|
| Series: | Wiley publications in statistics. Mathematical statistics
|
| Etiquetas: |
Agregar Etiqueta
Sin Etiquetas, Sea el primero en etiquetar este registro!
|
| LEADER | 00558nam a22001695a 4500 | ||
|---|---|---|---|
| 001 | MAT.inmabb001638 | ||
| 008 | 031124s1947####nyu###########000#0#eng#d | ||
| 005 | 20130410165504.0 | ||
| 245 | 1 | 0 | |a Sequential analysis / |c by Abraham Wald. |
| 260 | |a New York : |b Wiley, |c c1947. | ||
| 300 | |a xii, 212 p. ; |c 24 cm. | ||
| 440 | 0 | |a Wiley publications in statistics. |p Mathematical statistics | |
| 510 | 4 | |a MR, |c 8,593h | |
| 100 | 1 | |a Wald, Abraham, |d 1902-1950. | |
| 084 | |a 62L10 |2 msc2000 | ||
| 859 | |h 62 |i W157 |p A-2052 |b BIB. MATEMATICA | ||
| 859 | |h 62 |i W157 |p A-2077 |t Ej. 2 |b BIB. MATEMATICA | ||
